[Event "Avoine op 28th"]
[Site "Avoine"]
[Date "2013.07.25"]
[Round "6"]
[White "Perrin, Guillaume"]
[Black "Arene, Olivier"]
[Result "1-0"]
[WhiteElo "2306"]
[BlackElo "1949"]
[PlyCount "77"]
[EventDate "2013.07.20"]
[EventType "swiss"]
[EventRounds "9"]
[EventCountry "FRA"]
[SourceTitle "CBM 155 Extra"]
[Source "ChessBase"]
[SourceDate "2013.08.26"]
[SourceVersion "1"]
[SourceVersionDate "2013.08.26"]
[SourceQuality "1"]

1. e4 e6 2. d3 d5 3. Nd2 c5 4. Ngf3 Nc6 5. g3 g6 6. Bg2 Bg7 7. 0-0 Nge7 8. Re1 b6 9. c3 0-0 10. h4 Ba6 11. exd5 Nxd5 12. Nc4 Qc7 13. a4 Rad8 14. Bd2 Rd7 15. Qe2 Re8 16. h5 e5 17. hxg6 hxg6 18. Ng5 f6 19. Nf3 Nde7 20. Bh3 Rdd8 21. Rad1 Bc8 22. Bg2 Be6 23. Bc1 Rd7 24. Nh4 Bf7 25. f4 Nd5 26. f5 g5 27. Qg4 Bh6 28. Be4 Red8 29. Nf3 Be8 30. Kg2 Rh7 31. Rh1 Qg7 32. Nh2 Kf7 33. Qf3 Nce7 34. Ng4 Bxa4 35. Rdf1 Bc6 36. Ncxe5+ fxe5 37. f6 Nxf6 38. Qxf6+ Qxf6 39. Rxf6+ 1-0

[Event "Avoine op 28th"]
[Site "Avoine"]
[Date "2013.07.24"]
[Round "5"]
[White "Castanon, Erick"]
[Black "Perrin, Guillaume"]
[Result "0-1"]
[WhiteElo "1912"]
[BlackElo "2306"]
[PlyCount "40"]
[EventDate "2013.07.20"]
[EventType "swiss"]
[EventRounds "9"]
[EventCountry "FRA"]
[SourceTitle "CBM 155 Extra"]
[Source "ChessBase"]
[SourceDate "2013.08.26"]
[SourceVersion "1"]
[SourceVersionDate "2013.08.26"]
[SourceQuality "1"]

1. Nc3 c5 2. e4 Nc6 3. f4 g6 4. Nf3 Bg7 5. g3 d6 6. Bg2 Rb8 7. d3 b5 8. 0-0 b4 9. Nd5 e6 10. Ne3 Nge7 11. Qe1 0-0 12. c3 bxc3 13. bxc3 Ba6 14. Qe2 Bxc3 15. Bd2 Rb2 16. Qd1 Rxd2 17. Nxd2 Bxd3 18. Rf2 Bd4 19. Ndf1 Bxf1 20. Nxf1 Qa5 0-1

[Event "Avoine op 28th"]
[Site "Avoine"]
[Date "2013.07.20"]
[Round "1"]
[White "Goettelmann, Guillaume"]
[Black "Perrin, Guillaume"]
[Result "0-1"]
[WhiteElo "2058"]
[BlackElo "2306"]
[PlyCount "70"]
[EventDate "2013.07.20"]
[EventType "swiss"]
[EventRounds "9"]
[EventCountry "FRA"]
[SourceTitle "CBM 155 Extra"]
[Source "ChessBase"]
[SourceDate "2013.08.26"]
[SourceVersion "1"]
[SourceVersionDate "2013.08.26"]
[SourceQuality "1"]

1. d4 Nf6 2. Nf3 g6 3. c4 Bg7 4. Nc3 0-0 5. e4 d6 6. Be2 e5 7. 0-0 Na6 8. Be3 Ng4 9. Bg5 Qe8 10. c5 f6 11. Bh4 exd4 12. Nxd4 dxc5 13. Nb3 f5 14. exf5 gxf5 15. h3 Nf6 16. Re1 Qf7 17. Na5 Kh8 18. Bc4 Qg6 19. Qf3 Nb4 20. Rac1 Ne4 21. Be7 Re8 22. Nxe4 fxe4 23. Rxe4 Bf5 24. Re2 b6 25. Nb3 Nd3 26. g4 Nxc1 27. Nxc1 Bd7 28. Nd3 Bc6 29. Qf4 Rad8 30. Ne5 Qb1+ 31. Kh2 Qh1+ 32. Kg3 Qg2+ 33. Kh4 Rxe7 34. Ng6+ hxg6 35. Rxe7 Qf3 0-1

[Event "Avoine op 27th"]
[Site "Avoine"]
[Date "2012.07.28"]
[Round "8"]
[White "Duboue, Peio"]
[Black "Perrin, Guillaume"]
[Result "1/2-1/2"]
[WhiteElo "2189"]
[BlackElo "2349"]
[PlyCount "98"]
[EventDate "2012.07.21"]
[EventType "swiss"]
[EventRounds "9"]
[EventCountry "FRA"]
[SourceTitle "CBM 149 Extra"]
[Source "ChessBase"]
[SourceDate "2012.08.24"]
[SourceVersion "1"]
[SourceVersionDate "2012.08.24"]
[SourceQuality "1"]

1. e4 c5 2. Nf3 d6 3. d4 cxd4 4. Nxd4 Nf6 5. Nc3 a6 6. f3 e5 7. Nb3 Be6 8. Be3 Nbd7 9. Qd2 b5 10. a4 b4 11. Nd5 Bxd5 12. exd5 Nb6 13. Bxb6 Qxb6 14. a5 Qb7 15. Bc4 Be7 16. Ra4 Rb8 17. Qd3 Ra8 18. Qd2 Rb8 19. Qd3 0-0 20. 0-0 Ra8 21. Kh1 Nh5 22. Nc1 Nf4 23. Qd2 Rab8 24. Rd1 Rfc8 25. b3 Bg5 26. Qf2 Rc5 27. Qe1 Bd8 28. Ne2 Nxe2 29. Qxe2 Rxa5 30. Rxa5 Bxa5 31. Bxa6 Qa7 32. Bd3 Bd8 33. f4 Bf6 34. Qe4 g6 35. f5 Qf2 36. fxg6 hxg6 37. Rf1 Qh4 38. Qf3 Kg7 39. g3 Qg5 40. h4 Rh8 41. Kg1 e4 42. hxg5 Bd4+ 43. Kg2 exf3+ 44. Kxf3 Re8 45. Be4 Re5 46. Kf4 Bb6 47. Ra1 Bd8 48. Ra7 Bxg5+ 49. Kf3 Re7 1/2-1/2

[Event "Montigny le Bretonneux-A 9th"]
[Site "Montigny le Bretonneux"]
[Date "2010.10.30"]
[Round "8"]
[White "Perrin, Guillaume"]
[Black "Bouvier, Clement"]
[Result "1-0"]
[WhiteElo "2323"]
[BlackElo "1883"]
[PlyCount "79"]
[EventDate "2010.10.23"]
[EventType "tourn"]
[EventRounds "9"]
[EventCountry "FRA"]
[SourceTitle "EXT 2011"]
[Source "ChessBase"]
[SourceDate "2010.11.26"]
[SourceVersion "1"]
[SourceVersionDate "2010.11.26"]
[SourceQuality "1"]

1. e4 c6 2. d4 d5 3. Nc3 dxe4 4. Nxe4 Bf5 5. Ng3 Bg6 6. h4 h6 7. Nf3 Nd7 8. h5 Bh7 9. Bd3 Bxd3 10. Qxd3 e6 11. Bf4 Qa5+ 12. c3 Ngf6 13. a4 Nd5 14. Bd2 Qc7 15. c4 Nb4 16. Qb3 a5 17. 0-0 Nf6 18. Rfe1 0-0-0 19. c5 Nfd5 20. Ne5 Kb8 21. Ne4 g6 22. hxg6 fxg6 23. Bxb4 Nxb4 24. Rad1 Bg7 25. Nd6 Rhf8 26. Nxg6 Rf6 27. Rxe6 Rxe6 28. Qxe6 Nc2 29. Ne8 Qd7 30. Qxd7 Rxd7 31. Nxg7 Nxd4 32. Ne5 Nf3+ 33. gxf3 Rxd1+ 34. Kg2 Rd4 35. Ne6 Rxa4 36. f4 Rb4 37. f5 Re4 38. Nd7+ Kc8 39. Nb6+ Kb8 40. f6 1-0

[Event "Montigny le Bretonneux-A 9th"]
[Site "Montigny le Bretonneux"]
[Date "2010.10.29"]
[Round "7"]
[White "Perrin, Guillaume"]
[Black "Kambrath, Yannick"]
[Result "0-1"]
[WhiteElo "2323"]
[BlackElo "2036"]
[PlyCount "68"]
[EventDate "2010.10.23"]
[EventType "tourn"]
[EventRounds "9"]
[EventCountry "FRA"]
[SourceTitle "EXT 2011"]
[Source "ChessBase"]
[SourceDate "2010.11.26"]
[SourceVersion "1"]
[SourceVersionDate "2010.11.26"]
[SourceQuality "1"]

1. e4 e5 2. Nf3 Nc6 3. d4 exd4 4. Bc4 Bc5 5. 0-0 d6 6. c3 Bg4 7. Qb3 Bxf3 8. Bxf7+ Kf8 9. Bxg8 Rxg8 10. gxf3 Qd7 11. Nd2 g5 12. Kg2 Re8 13. cxd4 Nxd4 14. Qd3 Re6 15. h3 Rf6 16. Rh1 Nc6 17. Qb5 g4 18. hxg4 Rxg4+ 19. Kf1 Rg8 20. Nb3 Qg7 21. Ke1 Bxf2+ 22. Kd1 Qg2 23. Qh5 Bg1 24. Bh6+ Ke7 25. Bd2 Qf1+ 26. Kc2 Qc4+ 27. Kd1 Rf7 28. Rc1 Qd3 29. Qh4+ Ke8 30. Qh3 Rxf3 31. Qh5+ Kd7 32. Qxh7+ Ne7 33. Rxc7+ Kxc7 34. Qxe7+ Kb8 0-1

[Event "Montigny le Bretonneux-A 9th"]
[Site "Montigny le Bretonneux"]
[Date "2010.10.24"]
[Round "2"]
[White "Gidel, Jean Louis"]
[Black "Perrin, Guillaume"]
[Result "0-1"]
[WhiteElo "2075"]
[BlackElo "2323"]
[PlyCount "67"]
[EventDate "2010.10.23"]
[EventType "tourn"]
[EventRounds "9"]
[EventCountry "FRA"]
[SourceTitle "EXT 2011"]
[Source "ChessBase"]
[SourceDate "2010.11.26"]
[SourceVersion "1"]
[SourceVersionDate "2010.11.26"]
[SourceQuality "1"]

1. e4 c5 2. c3 g6 3. d4 cxd4 4. cxd4 d5 5. exd5 Nf6 6. Bb5+ Bd7 7. Bc4 Bg7 8. d6 0-0 9. Ne2 exd6 10. 0-0 Nc6 11. Nbc3 Rc8 12. Bb3 Na5 13. Bg5 Nxb3 14. Qxb3 Qa5 15. d5 b5 16. a3 Rfe8 17. h3 Ne4 18. Nxe4 Rxe4 19. Ng3 Ree8 20. Rad1 Rc4 21. Bd2 Qa4 22. Qxa4 bxa4 23. Bb4 Rxb4 24. axb4 Bxb2 25. Rb1 a3 26. Rxb2 axb2 27. Rb1 f5 28. Rxb2 Bb5 29. f3 Re1+ 30. Kf2 Rd1 31. Ne2 a6 32. Nf4 g5 33. Ne6 f4 34. Nxg5 0-1

[Event "Avoine op 25th"]
[Site "Avoine"]
[Date "2010.07.24"]
[Round "8"]
[White "Perrin, Guillaume"]
[Black "Fomichenko, Eduard"]
[Result "1/2-1/2"]
[WhiteElo "2301"]
[BlackElo "2515"]
[PlyCount "121"]
[EventDate "2010.07.17"]
[EventType "swiss"]
[EventRounds "9"]
[EventCountry "FRA"]
[SourceTitle "EXT 2011"]
[Source "ChessBase"]
[SourceDate "2010.11.26"]
[SourceVersion "1"]
[SourceVersionDate "2010.11.26"]
[SourceQuality "1"]

1. e4 c5 2. Nf3 e6 3. d4 cxd4 4. Nxd4 a6 5. Nc3 Qc7 6. Be2 Nf6 7. 0-0 Nc6 8. Be3 Be7 9. f4 d6 10. a4 0-0 11. Kh1 Bd7 12. Nb3 b6 13. Bd3 Nb4 14. Nd4 Rfe8 15. Qe2 Bf8 16. Bd2 e5 17. fxe5 dxe5 18. Nf5 Be6 19. Nh6+ Kh8 20. Bg5 Ng8 21. Nxg8 Kxg8 22. Nd5 Bxd5 23. exd5 Nxd3 24. Qxd3 e4 25. Qb3 Bd6 26. h3 Rac8 27. Rac1 Bc5 28. Bf4 Qd7 29. Rce1 b5 30. axb5 axb5 31. Be3 h6 32. Re2 Bxe3 33. Rxe3 Rc4 34. Rd1 Re5 35. d6 Re6 36. Rc3 Rxd6 37. Rxd6 Qxd6 38. Rxc4 bxc4 39. Qxc4 Qe5 40. Kg1 e3 41. Qe2 f5 42. b4 Qa1+ 43. Kh2 Qd4 44. b5 Kf8 45. Kg1 Ke7 46. Qd3 Qa1+ 47. Qf1 Qe5 48. Qe2 Kd6 49. Qc4 f4 50. Kf1 g5 51. b6 Qa1+ 52. Ke2 Qa5 53. Qc7+ Ke6 54. Qc6+ Ke7 55. Qc7+ Ke6 56. Qc8+ Ke7 57. Qc7+ Ke6 58. Qc4+ Kd6 59. Qc7+ Ke6 60. Qc4+ Kd6 61. Qc7+ 1/2-1/2

[Event "Avoine op 25th"]
[Site "Avoine"]
[Date "2010.07.19"]
[Round "3"]
[White "Perrin, Guillaume"]
[Black "Dupeux, Denis"]
[Result "1-0"]
[WhiteElo "2301"]
[BlackElo "1860"]
[PlyCount "63"]
[EventDate "2010.07.17"]
[EventType "swiss"]
[EventRounds "9"]
[EventCountry "FRA"]
[SourceTitle "EXT 2011"]
[Source "ChessBase"]
[SourceDate "2010.11.26"]
[SourceVersion "1"]
[SourceVersionDate "2010.11.26"]
[SourceQuality "1"]

1. d4 d5 2. Nf3 Nf6 3. c4 c6 4. Nc3 e6 5. e3 Be7 6. Bd3 dxc4 7. Bxc4 b5 8. Bd3 Bb7 9. 0-0 Nbd7 10. e4 a6 11. Qe2 c5 12. d5 exd5 13. e5 Ne4 14. Nxe4 dxe4 15. Bxe4 Bxe4 16. Qxe4 0-0 17. Rd1 Qc8 18. Bg5 Bxg5 19. Nxg5 g6 20. Rd6 c4 21. Qd5 Ra7 22. Nxf7 Nb6 23. Nh6+ Kg7 24. Rxb6 Kxh6 25. e6 c3 26. bxc3 Qxc3 27. Rd1 Rc7 28. h4 b4 29. Qg5+ Kg7 30. Rbd6 Qb2 31. Rd7+ Rxd7 32. exd7 1-0

[Event "Paris-ch"]
[Site "Paris"]
[Date "2010.07.07"]
[Round "5"]
[White "Lagarde, Maxime"]
[Black "Perrin, Guillaume"]
[Result "1/2-1/2"]
[WhiteElo "2414"]
[BlackElo "2301"]
[PlyCount "50"]
[EventDate "2010.07.03"]
[EventType "swiss"]
[EventRounds "9"]
[EventCountry "FRA"]
[SourceTitle "CBM 137 Extra"]
[Source "ChessBase"]
[SourceDate "2010.09.01"]
[SourceVersion "1"]
[SourceVersionDate "2010.09.01"]
[SourceQuality "1"]

1. e4 c5 2. Nf3 d6 3. d4 cxd4 4. Nxd4 Nf6 5. Nc3 Nc6 6. f3 e6 7. Be3 a6 8. Qd2 Nxd4 9. Qxd4 Be7 10. 0-0-0 b5 11. g4 h6 12. h4 Qa5 13. Kb1 b4 14. Ne2 e5 15. Qd2 Be6 16. Nc1 d5 17. Nb3 Qc7 18. g5 hxg5 19. Bxg5 dxe4 20. Bxf6 Bxf6 21. Qxb4 exf3 22. Qe4 Rd8 23. Bxa6 Rxh4 24. Rxd8+ Qxd8 25. Qxf3 Bd5 1/2-1/2

[Event "FRA-chT1 0910"]
[Site "France"]
[Date "2009.12.13"]
[Round "7.5"]
[White "Picard, Clement"]
[Black "Perrin, Guillaume"]
[Result "0-1"]
[WhiteElo "2183"]
[BlackElo "2315"]
[PlyCount "54"]
[EventDate "2009.09.27"]
[EventType "team-tourn"]
[EventRounds "11"]
[EventCountry "FRA"]
[SourceTitle "EXT 2011"]
[Source "ChessBase"]
[SourceDate "2010.11.26"]
[SourceVersion "1"]
[SourceVersionDate "2010.11.26"]
[SourceQuality "1"]

1. e4 c5 2. Nf3 e6 3. d4 cxd4 4. Nxd4 a6 5. Be2 Nf6 6. Nc3 Qc7 7. 0-0 d6 8. f4 Nbd7 9. Kh1 b5 10. a3 Bb7 11. Bf3 Rc8 12. Qe1 e5 13. Nf5 g6 14. Ne3 exf4 15. Ned5 Nxd5 16. Nxd5 Bxd5 17. exd5+ Ne5 18. Bxf4 Bg7 19. c3 0-0 20. Qd2 Rb8 21. Be2 Rfe8 22. Rfe1 Nd7 23. Bf3 Be5 24. Bh6 Nb6 25. Rad1 Nc4 26. Qc2 Qc5 27. Rd3 Bf4 0-1

[Event "FRA-chT1 0910"]
[Site "France"]
[Date "2009.10.18"]
[Round "3.5"]
[White "Perrin, Guillaume"]
[Black "Jossien, Remy"]
[Result "1/2-1/2"]
[WhiteElo "2318"]
[BlackElo "2264"]
[PlyCount "105"]
[EventDate "2009.09.27"]
[EventType "team-tourn"]
[EventRounds "11"]
[EventCountry "FRA"]
[SourceTitle "EXT 2011"]
[Source "ChessBase"]
[SourceDate "2010.11.26"]
[SourceVersion "1"]
[SourceVersionDate "2010.11.26"]
[SourceQuality "1"]

1. e4 e5 2. Nf3 Nc6 3. Bb5 a6 4. Bxc6 dxc6 5. 0-0 Bg4 6. h3 Bxf3 7. Qxf3 Qf6 8. Qxf6 Nxf6 9. d3 Bd6 10. Be3 0-0 11. Nd2 Nd7 12. Nc4 f6 13. c3 Rfe8 14. f3 Bf8 15. Rfd1 c5 16. a3 a5 17. a4 Re6 18. f4 g6 19. f5 Ree8 20. g4 b6 21. Rd2 gxf5 22. gxf5 Kf7 23. Rg2 Bd6 24. Kf2 Rg8 25. Rag1 Rxg2+ 26. Rxg2 Rg8 27. Nxd6+ cxd6 28. Rxg8 Kxg8 29. Ke2 Kf7 30. Kd2 Ke7 31. Kc2 Kd8 32. Kb3 Kc7 33. Kc4 Nb8 34. Bh6 Kc6 35. Bg7 Nd7 36. Bh8 d5+ 37. exd5+ Kd6 38. Bg7 e4 39. dxe4 Ke5 40. Kd3 Kf4 41. Kc4 Kxe4 42. Kb5 Kxd5 43. b3 Ke5 44. Kc6 c4 45. b4 axb4 46. cxb4 Nb8+ 47. Kb7 Kxf5 48. Kxb8 Kg6 49. Bf8 c3 50. Bd6 Kf5 51. Bf8 Kg6 52. Bd6 Kf5 53. Bf8 1/2-1/2

[Event "Avoine op 24th"]
[Site "Avoine"]
[Date "2009.07.22"]
[Round "5"]
[White "Payen, Arnaud"]
[Black "Perrin, Guillaume"]
[Result "1/2-1/2"]
[WhiteElo "2368"]
[BlackElo "2310"]
[PlyCount "66"]
[EventDate "2009.07.18"]
[EventType "swiss"]
[EventRounds "9"]
[EventCountry "FRA"]
[SourceTitle "CBM 131 Extra"]
[Source "ChessBase"]
[SourceDate "2009.09.03"]
[SourceVersion "2"]
[SourceVersionDate "2009.09.16"]
[SourceQuality "1"]

1. d4 Nf6 2. c4 g6 3. Nc3 Bg7 4. e4 d6 5. f3 0-0 6. Bg5 a6 7. Qd2 Nbd7 8. Nh3 c5 9. d5 b5 10. Nf2 Qa5 11. cxb5 axb5 12. Nxb5 Qb6 13. Be2 Ba6 14. Nc3 Rfb8 15. Nfd1 Ne5 16. 0-0 Nfd7 17. Kh1 Nc4 18. Qc2 Nxb2 19. Rb1 Bxe2 20. Qxe2 Qa6 21. Bxe7 Nxd1 22. Rxb8+ Nxb8 23. Qxa6 Rxa6 24. Nxd1 Bd4 25. Nf2 f6 26. e5 Bxe5 27. f4 Bd4 28. Ne4 Kf7 29. Bxd6 Nd7 30. Rc1 Rxa2 31. g3 Re2 32. Nxc5 Bxc5 33. Bxc5 Rd2 1/2-1/2

[Event "Avoine op 24th"]
[Site "Avoine"]
[Date "2009.07.18"]
[Round "1"]
[White "Auroy, Didier"]
[Black "Perrin, Guillaume"]
[Result "0-1"]
[WhiteElo "2000"]
[BlackElo "2310"]
[PlyCount "70"]
[EventDate "2009.07.18"]
[EventType "swiss"]
[EventRounds "9"]
[EventCountry "FRA"]
[SourceTitle "CBM 131 Extra"]
[Source "ChessBase"]
[SourceDate "2009.09.03"]
[SourceVersion "2"]
[SourceVersionDate "2009.09.16"]
[SourceQuality "1"]

1. d4 Nf6 2. c4 g6 3. Nc3 Bg7 4. e4 d6 5. Nf3 0-0 6. Be2 e5 7. 0-0 Nc6 8. d5 Ne7 9. b4 Nh5 10. g3 f5 11. Ng5 Nf6 12. f3 a5 13. bxa5 Rxa5 14. Qb3 b6 15. Bd2 Ra8 16. a4 h6 17. Ne6 Bxe6 18. dxe6 Nc6 19. Bd3 Nd4 20. Qb1 f4 21. gxf4 exf4 22. Ra2 g5 23. Nd5 Nxe6 24. a5 bxa5 25. Rxa5 Rxa5 26. Bxa5 Nd7 27. e5 Nxe5 28. Bf5 Nd4 29. Bxc7 Qe8 30. Bh7+ Kh8 31. Bxd6 Nexf3+ 32. Rxf3 Nxf3+ 33. Kf2 Bd4+ 34. Kxf3 g4+ 35. Kxg4 Qe2+ 0-1

[Event "Orsay-B"]
[Site "Orsay"]
[Date "2009.02.17"]
[Round "3"]
[White "Perrin, Guillaume"]
[Black "Baron, Romuald"]
[Result "1/2-1/2"]
[WhiteElo "2302"]
[BlackElo "1942"]
[PlyCount "104"]
[EventDate "2009.02.15"]
[EventType "tourn"]
[EventRounds "7"]
[EventCountry "FRA"]
[SourceTitle "CBM 129 Extra"]
[Source "ChessBase"]
[SourceDate "2009.05.05"]
[SourceVersion "2"]
[SourceVersionDate "2009.05.20"]
[SourceQuality "1"]

1. e4 e6 2. d4 d5 3. Nc3 Nf6 4. e5 Nfd7 5. f4 c5 6. Nf3 Nc6 7. Be3 a6 8. Qd2 b5 9. a3 Qc7 10. Be2 Be7 11. 0-0 0-0 12. Kh1 f6 13. exf6 Nxf6 14. dxc5 Ng4 15. Nd4 Nxe3 16. Qxe3 Nxd4 17. Qxd4 Bxc5 18. Qd2 Bb7 19. Bd3 Kh8 20. Rae1 Rae8 21. Qe2 e5 22. fxe5 Rxf1+ 23. Rxf1 Rxe5 24. Qf3 Qe7 25. Qh3 h6 26. Qg3 Qg5 27. Qxg5 Rxg5 28. Rf7 Re5 29. Ne2 Be7 30. Kg1 Kg8 31. Rf5 Rxf5 32. Bxf5 Bc5+ 33. Kf1 d4 34. Nc1 Bd5 35. Nd3 Bd6 36. g3 Bc4 37. Ke2 a5 38. Kf3 Bxd3 39. Bxd3 b4 40. axb4 axb4 41. Ke4 Kf7 42. Kd5 Ke7 43. Bg6 Kd7 44. Bf5+ Kc7 45. Kc4 Be7 46. b3 Kb6 47. Bd7 Kc7 48. Ba4 Kb6 49. h4 Kc7 50. Kd5 Kb6 51. Ke6 Bf6 52. Kd6 Bd8 1/2-1/2

[Event "Montigny le Bretonneux-A 7th"]
[Site "Montigny le Bretonneux"]
[Date "2008.11.02"]
[Round "9"]
[White "Tornare, Michel"]
[Black "Perrin, Guillaume"]
[Result "0-1"]
[WhiteElo "1890"]
[BlackElo "2299"]
[PlyCount "84"]
[EventDate "2008.10.25"]
[EventType "tourn"]
[EventRounds "9"]
[EventCountry "FRA"]
[SourceTitle "EXT 2009"]
[Source "ChessBase"]
[SourceDate "2008.11.26"]
[SourceVersion "1"]
[SourceVersionDate "2008.11.26"]
[SourceQuality "1"]

1. e4 c5 2. Nc3 Nc6 3. g3 g6 4. Bg2 Bg7 5. f4 e6 6. Nf3 Nge7 7. d3 d5 8. e5 0-0 9. 0-0 f6 10. exf6 Bxf6 11. Re1 Nf5 12. Kh1 a6 13. g4 Nfd4 14. Nxd4 cxd4 15. Ne2 Qd6 16. Bd2 Bd7 17. c3 Rae8 18. cxd4 Nxd4 19. Nxd4 Bxd4 20. Qb3 Bc6 21. Bb4 Bc5 22. Bxc5 Qxc5 23. Rf1 Qd4 24. f5 Qxg4 25. h3 Qd4 26. fxe6 Rxf1+ 27. Rxf1 Rxe6 28. Qa3 Re8 29. b3 Qxd3 30. Qd6 Qd4 31. Qg3 Qe3 32. Qh4 Qe7 33. Qf2 Rf8 34. Qg1 Rxf1 35. Qxf1 Qd7 36. Qc1 d4 37. Bxc6 Qxc6+ 38. Qxc6 bxc6 39. Kg2 Kf7 40. Kf3 Ke6 41. Ke4 c5 42. b4 cxb4 0-1

[Event "Montigny le Bretonneux-A 7th"]
[Site "Montigny le Bretonneux"]
[Date "2008.10.28"]
[Round "4"]
[White "Perrin, Guillaume"]
[Black "Vallobra, Pierre"]
[Result "1-0"]
[WhiteElo "2299"]
[BlackElo "1973"]
[PlyCount "59"]
[EventDate "2008.10.25"]
[EventType "tourn"]
[EventRounds "9"]
[EventCountry "FRA"]
[SourceTitle "EXT 2009"]
[Source "ChessBase"]
[SourceDate "2008.11.26"]
[SourceVersion "1"]
[SourceVersionDate "2008.11.26"]
[SourceQuality "1"]

1. e4 e6 2. d4 d5 3. Nc3 Nf6 4. e5 Nfd7 5. Nce2 c5 6. c3 Nc6 7. f4 cxd4 8. cxd4 Be7 9. Nf3 0-0 10. Nc3 a6 11. Bd3 b5 12. h4 g6 13. h5 Kg7 14. hxg6 hxg6 15. f5 Rh8 16. Rxh8 Qxh8 17. f6+ Nxf6 18. exf6+ Bxf6 19. Be3 g5 20. Ne2 g4 21. Nfg1 e5 22. dxe5 Bxe5 23. Qd2 Bb7 24. 0-0-0 Rc8 25. Kb1 d4 26. Bf4 Bf6 27. Ng3 Ne7 28. Re1 Nd5 29. Nf5+ Kg8 30. Nd6 1-0

[Event "Avoine op 23rd"]
[Site "Avoine"]
[Date "2008.07.20"]
[Round "2"]
[White "Perrin, Guillaume"]
[Black "Wenzel, Johannes"]
[Result "1-0"]
[WhiteElo "2265"]
[BlackElo "2113"]
[PlyCount "54"]
[EventDate "2008.07.19"]
[EventType "swiss"]
[EventRounds "9"]
[EventCountry "FRA"]
[SourceTitle "CBM 125 Extra"]
[Source "ChessBase"]
[SourceDate "2008.09.01"]
[SourceVersion "1"]
[SourceVersionDate "2008.09.01"]
[SourceQuality "1"]

1. e4 c5 2. Nf3 e6 3. g3 Nc6 4. Bg2 d5 5. exd5 exd5 6. 0-0 Bg4 7. d3 Qd7 8. c3 Be7 9. Re1 Nf6 10. Qb3 0-0-0 11. Bf4 Nh5 12. Be3 f6 13. a4 Ne5 14. Nxe5 fxe5 15. Qb5 Qc7 16. d4 a6 17. Qf1 e4 18. dxc5 Bxc5 19. Bxc5 Qxc5 20. Nd2 Rhf8 21. Nxe4 Qb6 22. Bh3 Bxh3 23. Qxh3+ Kb8 24. Qxh5 Qxb2 25. Rab1 Qc2 26. Qe5+ Ka8 27. Qxg7 b5 1-0